Statystyki dla Państwa Europejskie spoza NATO

Kliknij tutaj aby rozwiązać quiz!

Ogólne statystyki

  • Ten quiz został rozwiązany 29 razy
  • Średni wynik to 13 z 17

Statystyki odpowiedzi

Odpowiedzi% Poprawnych
Rosja
93%
Białoruś
89%
Serbia
89%
Ukraina
86%
Andora
79%
Liechtenstein
79%
Sanmarino
79%
Szwecja
79%
Watykan
79%
Bośnia i hercegowina
75%
Kosowo
75%
Mołdawia
75%
Szwajcaria
71%
Irlandia
64%
Malta
64%
Monako
64%
Austria
54%

Rozkład punktacji

Percentyl według liczby udzielonych odpowiedzi

Procent ludzi z każdym wynikiem

Twoja historia wyników

Nie rozwiązałeś tego quizu